=LDR 00000nam 2200000 4500 =001 NUTBA000000000002343 =005 20140612121026.0 =006 =007 =008 =020 ##$$a 978-602-978-447-3 =035 ##$$a 0010-061400000000286 =040 ##$$a Ind =082 ##$$a 612.82 =090 ##$$a 612.82$bMuh r =100 ##$$a Muhammad, As'adi =245 ##$$a Rahasia pebedaan otak pria dan wanita$cAs'adi Muhammad =250 ##$$a Cet.1 =260 ##$$a Jogjakarta$bFlashbookks$c2011. =300 ##$$a 157 HLm$bIlus$c21 cm. =850 ##$$a NBPDMAT =990 ##$$a 21105723 =990 ##$$a 21400613/BPAP-NTB/20142014 =990 ##$$a 21400613/BPAP-NTB/20142014